Die teuersten Fußballtransfers - Torwarte - Saison 2013-2014 - Statistiken

Allgemein
  • Dieses Quiz wurde 19 mal gespielt
  • Das Durchschnittsergebnis liegt bei 3 aus 10
Antwortstatistiken
Ablöse (M €) Nationalität Abgebender Verein Aufnehmender Verein Spieler % Korrekt
10,60 Belgien AFC Sunderland FC Liverpool Simon Mignolet
100%
5,60 Niderlande AS Rom FC Fulham Maarten Stekelenburg
47%
3,65 Wales Wolverhampton Crystal Palace Wayne Hennessey
40%
8,60 Spanien Real Saragossa Benfica Roberto
33%
6,00 Spanien Benfica Atlético Madrid Roberto
33%
4,00 Spanien Atlético Madrid FC Everton Joel Robles
7%
2,75 Türkei Trabzonspor Besiktas Tolga Zengin
7%
7,00 Russland Anzhi Dinamo Moskau Vladimir Gabulov
7%
3,50 China SH Greenland SD luneng Dalei Wang
0%
5,00 Brasilien / Portugal Santos SSC Neapel Rafael Cabral
0%
Keine übereinstimmenden Quizze gefunden
Verteilung der Resultate
Anzahl Personen mit jedem Resultat
Perzentil nach korrekt beantworteten Fragen
Ihre Resultats-Entwicklung
Sie haben dieses Quiz noch nicht gespielt